000 00345nam a22001337a 4500
020 _a9783030130602
040 _cNUST
082 _a629.231
_bJAZ
100 _aJazar, Reza N.
245 _aAdvanced Vehicle Dynamics /
_cReza N. Jazar
260 _aSwitzerland :
_bSpringer ,
_c2019.
300 _a368p. ;
_bHardbinding,
_c24cm.
942 _2ddc
_cBK
999 _c612895
_d612895